Exclusive Childscape : Landscape Proposal For Childrens Park (Record no. 363540)

MARC details
000 -LEADER
fixed length control field 00359nam a2200121Ia 4500
008 - FIXED-LENGTH DATA ELEMENTS--GENERAL INFORMATION
fixed length control field 250110s9999 xx 000 0 und d
041 ## - LANGUAGE CODE
Language code of text/sound track or separate title eng
100 ## - MAIN ENTRY--PERSONAL NAME
Personal name Hingne Neeraja
245 ## - TITLE STATEMENT
Title Exclusive Childscape : Landscape Proposal For Childrens Park
260 ## - PUBLICATION, DISTRIBUTION, ETC. (IMPRINT)
Name of publisher, distributor, etc. M Arch Landscape, Pune
Date of publication, distribution, etc. 2014
300 ## - PHYSICAL DESCRIPTION
Extent 62p
700 ## - ADDED ENTRY--PERSONAL NAME
Personal name Guide Name:Kamalapurkar Subhada
9 (RLIN) 210348
Holdings
Withdrawn status Lost status Damaged status Not for loan Home library Current library Date acquired Total Checkouts Barcode Date last seen Bill Date Koha item type Original Barcode
        Dr. Bhanuben Nanavati College of Architecture Dr. Bhanuben Nanavati College of Architecture 20/06/2014   BNCA-PR-1040 10/01/2025 10/01/2025 Project Reports PR1040